TEXTBOOK OF PHARMACOLOGY (Record no. 216405)

MARC details
000 -LEADER
fixed length control field 00443nam a22001697a 4500
008 - FIXED-LENGTH DATA ELEMENTS--GENERAL INFORMATION
fixed length control field 260106b |||||||| |||| 00| 0 eng d
020 ## - INTERNATIONAL STANDARD BOOK NUMBER
International Standard Book Number 978-93-86235-74-9
100 ## - MAIN ENTRY--PERSONAL NAME
Personal name PRASAD, P. JAGADISH
245 ## - TITLE STATEMENT
Title TEXTBOOK OF PHARMACOLOGY
250 ## - EDITION STATEMENT
Edition statement 2ND ED
260 ## - PUBLICATION, DISTRIBUTION, ETC.
Place of publication, distribution, etc. TELANGANA, INDIA
Name of publisher, distributor, etc. UNIVERSITIES PRESS
Date of publication, distribution, etc. 2019
300 ## - PHYSICAL DESCRIPTION
Extent VII, 898P.
500 ## - GENERAL NOTE
General note INCLUDES INDEX
650 ## - SUBJECT ADDED ENTRY
Topical term or geographic name entry element PHARMACOLOGY
942 ## - ADDED ENTRY ELEMENTS (KOHA)
Source of classification or shelving scheme Library of Congress Classification
Koha item type Long Loan Book
Holdings
Withdrawn status Lost status Source of classification or shelving scheme Damaged status Not for loan Collection Home library Current library Shelving location Date acquired Inventory number Total checkouts Full call number Barcode Date due Date last seen Copy number Price effective from Koha item type Date last checked out
    Library of Congress Classification     Medicine Kisii University Library Kisii University Library On Display 01/06/2026 110733   RM 300 .P73 2019 000000017613 01/06/2026 01/06/2026 C.1 01/06/2026 Long Loan Book  
    Library of Congress Classification     Medicine Kisii University Library Kisii University Library On Display 01/06/2026 110734   RM 300 .P73 2019 000000017614 01/06/2026 01/06/2026 C.2 01/06/2026 Long Loan Book  
    Library of Congress Classification     Medicine Kisii University Library Kisii University Library On Display 01/06/2026 110735   RM 300 .P73 2019 000000017615 01/06/2026 01/06/2026 C.3 01/06/2026 Long Loan Book  
    Library of Congress Classification     Medicine Kisii University Library Kisii University Library On Display 01/06/2026 110736   RM 300 .P73 2019 000000017616 01/06/2026 01/06/2026 C.4 01/06/2026 Long Loan Book  
    Library of Congress Classification     Medicine Kisii University Library Kisii University Library On Display 01/06/2026 110737   RM 300 .P73 2019 000000017617 01/06/2026 01/06/2026 C.5 01/06/2026 Long Loan Book  
    Library of Congress Classification     Medicine Kisii University Library Kisii University Library On Display 01/06/2026 110738 2 RM 300 .P73 2019 000000017618   04/08/2026 C.6 01/06/2026 Long Loan Book 03/25/2026
    Library of Congress Classification     Medicine Kisii University Library Kisii University Library On Display 01/06/2026 110739   RM 300 .P73 2019 000000017720 01/06/2026 01/06/2026 C.7 01/06/2026 Long Loan Book  
    Library of Congress Classification     Medicine Kisii University Library Kisii University Library On Display 01/06/2026 110740   RM 300 .P73 2019 000000017719 01/06/2026 01/06/2026 C.8 01/06/2026 Long Loan Book